00231nam a2200097Ia 4500008004100000100002400041245002200065260002200087942000700109999001700116190216s9999||||xx |||||||||||||| ||und|| aKrishan Warrier N V 0aKrishi Shabdavali bKerala Basha Inst cBK c37702d37702